Titres de films en un seul mot -2 - Statistiques

Statistiques générales
  • Ce quiz a été pris 278 fois
  • Le résultat moyen est 10 sur 50
Statistiques - réponses
Année Pitch Film % Correct
1998 Le paquebot le plus grand et le plus moderne du monde, appareille pour son premier voyage. A son bord, un artiste pauvre et une grande bourgeoise tombent amoureux. Titanic
100%
2008 L'humanité a déserté notre planète laissant à un incroyable petit robot le soin de nettoyer la Terre. WALL-E
83%
2017 À Derry, dans le Maine, sept gamins ayant du mal à s'intégrer se sont regroupés au sein du "Club des Ratés". Rejetés par leurs camarades, ils sont les cibles favorites des gros durs de l'école. Ils ont aussi en commun d'avoir éprouvé leur plus grande terreur face à un terrible prédateur métamorphe ... Ça
62%
2006 Flash McQueen, une splendide voiture de course toute neuve promise au succès, parti pour participer à la prestigieuse Piston Cup, atterrit suite à une déviation dans la petite ville tranquille de Radiator Springs, sur la Route 66. Cars
60%
1992 Un jeune et pauvre orphelin vit avec son singe Abu dans les rues et est obligé de voler des aliments pour se nourrir. Un jour, il fait la connaissance de la princesse Jasmine, fille du Sultan, venue se promener incognito dans les quartiers populaires, à la recherche d'aventure . Aladdin
50%
1988 A l'aube de l'an 2000, Detroit est la proie du crime et de la corruption. Pour pallier ce terrible état, les services de police inventent une nouvelle arme infaillible, un cyborg, mi-homme, mi-robot, policier électronique de chair et d'acier qui a pour mission de sauvegarder la tranquillité de la ville. Robocop
50%
1942 Dans la forêt, les animaux fêtent la naissance d'un jeune faon. Devenu orphelin après que sa mère ait été tuée par des chasseurs, il est lui même blessé mais parvient a s'échapper. Bambi
44%
2019 Toute la famille de Ki-taek est au chômage, et s’intéresse fortement au train de vie de la richissime famille Park. Un jour, leur fils réussit à se faire recommander pour donner des cours particuliers d’anglais chez les Park. Parasite
35%
2002 Film retraçant la vie mouvementée d'une artiste peintre mexicaine du XXe siècle qui se distingua par son oeuvre surréaliste, son engagement politique en faveur du communisme et sa bisexualité. Frida
32%
2016 Anti-héros le plus atypique de l'univers Marvel. A l'origine, il s'appelle Wade Wilson : un ancien militaire des Forces Spéciales devenu mercenaire. Après avoir subi une expérimentation hors norme qui va accélérer ses pouvoirs de guérison, il va traquer l'homme qui a bien failli anéantir sa vie. Deadpool
31%
1961 Italie, 73 av. J.C. Un esclave devenu gladiateur est épargné par un de ses compagnons d'infortune dans un combat à mort. Ce répit soulève en lui le souffle de la révolte, et après avoir brisé ses chaînes, il enjoint les autres esclaves à faire de même... Spartacus
31%
2010 En 1994, l'élection de Nelson Mandela consacre la fin de l'Apartheid, mais l'Afrique du Sud reste une nation profondément divisée sur le plan racial et économique. Pour unifier le pays et donner à chaque citoyen un motif de fierté, Mandela mise sur le sport, et fait cause commune avec le capitaine de la modeste équipe de rugby sud-africaine. Invictus
29%
2013 Pour sa première expédition à bord d'une navette spatiale, le docteur Ryan Stone, brillante experte en ingénierie médicale, accompagne l'astronaute chevronné Matt Kowalsky. Mais alors qu'il s'agit apparemment d'une banale sortie dans l'espace, une catastrophe se produit. Gravity
28%
2014 Andrew, 19 ans, rêve de devenir l’un des meilleurs batteurs de jazz de sa génération. Mais la concurrence est rude au conservatoire de Manhattan où il s’entraîne avec acharnement. Il a pour objectif d’intégrer le fleuron des orchestres dirigé par Terence Fletcher, professeur féroce et intraitable. Whiplash
25%
1996 En 1973, Sam Ace Rothstein est le grand manitou de la ville de toutes les folies, Las Vegas. Il achète et épouse une virtuose de l’arnaque, Ginger Mc Kenna, qui sombre bien vite dans l’alcool et la drogue. Mais un autre ennui guette Sam, son ami d’enfance Nicky Santoro, qui entreprend de mettre la ville en coupe réglée… Casino
19%
2020 Quatre amis décident de mettre en pratique la théorie d’un psychologue norvégien selon laquelle l’homme aurait dès la naissance un déficit d’alcool dans le sang. Avec une rigueur scientifique, chacun relève le défi en espérant tous que leur vie n’en sera que meilleure ! Si dans un premier temps les résultats sont encourageants, la situation devient rapidement hors de contrôle. Drunk
19%
1931 À Marseille, la jeune Fanny, fille d'une commerçante du Vieux-Port, est amoureuse du, fils de César, patron du bar de la Marine. Mais, lui, ne rêve que d'aventure. Son désir de s'embarquer sur un navire en partance se heurte à l'opposition de son père. Marius
19%
1960 Marion Crane en a assez de ne pouvoir mener sa vie comme elle l'entend. Son travail ne la passionne plus, son amant ne peut l'épouser car il doit verser une énorme pension alimentaire le laissant sans le sou... Mais un beau jour, son patron lui demande de déposer 40 000 dollars à la banque. Psychose
18%
2020 Le 'protagoniste' sillonne l'univers crépusculaire de l'espionnage international. Sa mission le projette dans une dimension qui dépasse le temps. Pourtant, il ne s'agit pas d'un voyage dans le temps, mais d'un renversement temporel. Tenet
16%
2004 Ce film couvre près de vingt ans de la vie tumultueuse d'Howard Hughes, industriel, milliardaire, casse-cou, pionnier de l'aviation civile, inventeur, producteur, réalisateur, directeur de studio et séducteur insatiable. Aviator
15%
1983 La premiere fois qu'Arnie la vit, il tomba en extase devant cette beaute aux formes eblouissantes. Mais, la belle Plymouth, modele 57, n'aime pas trop les rivales. Gare a celles qui voudront approcher Arnie ! Christine
15%
2017 Pendant trois périodes cruciales de sa vie, Chiron, un afro-américain de Miami se bat contre son milieu (scolaire) et sa famille (mère droguée) pour vivre son homosexualité, essayant de s'affirmer tout en demeurant fidèle à lui-même. Moonlight
15%
1997 Un groupe de personnes, sans savoir pourquoi, se retrouve enfermé dans une prison surréaliste, un labyrinthe sans fin constitué de pièces communicantes et équipées de pièges mortels. Cube
14%
2009 Bagdad. Le lieutenant James est à la tête de la meilleure unité de déminage de l'US Army. Leur mission : désamorcer des bombes dans des quartiers civils ou des théâtres de guerre, au péril de leur vie, alors que la situation locale est encore... explosive Démineurs
14%
1992 Suite à l'assassinat du président Kennedy, le procureur de la Nouvelle Orléans, Jim Garrison remet en cause le rapport du commissaire Warren. Ce dernier avait clôturé l'affaire en trouvant le parfait coupable, Lee Harvey Oswald. Pourtant avant d’être abattu par un tireur isolé, le suspect avait toujours nié sa culpabilité. JFK
14%
2014 Chaque année, durant 12 ans, le réalisateur Richard Linklater a réuni les mêmes comédiens pour un film unique sur la famille et le temps qui passe. On y suit le jeune Mason de l’âge de six ans jusqu’ à sa majorité, vivant avec sa sœur et sa mère, séparée de son père. Boyhood
12%
2017 Se laver, s'habiller, marcher, jouer au basket, voici ce que Ben ne peut plus faire à son arrivée dans un centre de rééducation suite à un grave accident. Ses nouveaux amis sont tétras, paras, traumas crâniens... Patients
12%
1970 Grandeur et décadence de François Capella et Roch Siffredi, deux truands du milieu, dans le Marseille des années folles. Borsalino
11%
2019 Un couple traverse la Suède pour rendre visite à un de leurs amis et assister à un festival local. Mais les retrouvailles se transforment vite en culte païen et sordide. Midsommar
11%
2006 Raimunda, belle jeune femme vit dans un village de La Mancha avec sa soeur cadette, un tantinet nunuche, son unique fille Paula et sa voisine Augustina, cancéreuse. Volver
9%
1972 Quatre Américains de classe moyenne décident de consacrer leur week-end à la descente en canöe d'une impétueuse rivière située au nord de la Géorgie. Mais les dangers qu'ils affronteront ne proviendront pas uniquement des flots tumultueux de la rivière... Délivrance
8%
1998 Z-4195 est amoureux de la belle princesse Bala. Simple numéro parmi les milliards composant sa colonie il n'a aucune chance d'attirer le regard de la belle. Pourtant il demande l'aide de son meilleur ami, le soldat Weaver, afin d'approcher l’élue de son cœur. Fourmiz
8%
2012 Dans un futur proche, la Mafia a mis au point un système infaillible pour faire disparaître tous les témoins gênants. Elle expédie ses victimes dans le passé, à notre époque, où des tueurs d’un genre nouveau les éliminent. Un jour, l’un d’entre eux, Joe, découvre que la victime qu’il doit exécuter n’est autre que… lui-même, avec 20 ans de plus . Looper
8%
1986 Au début du XVIIIe siècle, le frère jésuite Gabriel fonde une organisation religieuse sur les terres des Indiens Guaranis. A la même époque et dans les mêmes lieux sévit Mendoza, aventurier mercenaire. Ces deux hommes vont se retrouver pour lutter contre la domination espagnole et portugaise. Mission
8%
2015 Dans un village reculé de Turquie, Lale et ses quatre sœurs rentrent de l’école en jouant avec des garçons et déclenchent un scandale aux conséquences inattendues. La maison familiale se transforme progressivement en prison, les cours de pratiques ménagères remplacent l’école et les mariages commencent à s’arranger. Mustang
8%
1951 Bette Davis incarne une star de Broadway sur le déclin engageant l'une de ses fans comme assistante, avant de découvrir les réelles intentions de la jeune femme. Eve
6%
2012 Printemps 1958. Rose Pamphyle vit avec son père, veuf bourru qui tient le bazar d’un petit village normand. Elle doit épouser le fils du garagiste et est promise au destin d’une femme au foyer docile et appliquée. Mais Rose ne veut pas de cette vie. Elle part pour Lisieux où Louis Echard, patron charismatique d’un cabinet d’assurance, cherche une secrétaire. L’entretien d’embauche est un fiasco. Mais Rose a un don : elle tape à la machine à écrire à une vitesse vertigineuse. Populaire
6%
2010 Dans le désert californien, des spectateurs incrédules assistent aux aventures d’un pneu tueur et télépathe, mystérieusement attiré par une jolie jeune fille. Rubber
6%
2002 Pendant la Seconde Guerre mondiale, Kurt Gerstein, un officier SS allemand, épaulé par un jeune jésuite, Ricardo Fontana, tente d'informer le Pape Pie XII et les Alliés du génocide des Juifs organisé par les nazis dans les camps de concentration. Amen
5%
1974 Gittes, détective privé, reçoit la visite d'une fausse Mme Mulwray, qui lui demande de filer son mari, ingénieur des eaux à Los Angeles. Celui-ci est retrouvé mort, noyé. Gittes s'obstine dans son enquête, malgré les menaces de tueurs professionnels. Chinatown
5%
1979 Isaac Davis est un auteur de sketches comiques new-yorkais de 42 ans que son épouse Jil vient de quitter. Celle-ci vit maintenant avec une autre femme, Connie, et écrit un livre sur son ancienne vie conjugale. Isaac, quant à lui, entretient avec une collégienne de 17 ans, Tracy, une liaison dont il lui rappelle le caractère éphémère. Manhattan
5%
1999 L'héroïne du film vit dans une caravane avec sa mère alcoolique. Elle est déterminée à s'en sortir dignement, seule et sans accepter la charité. La jeune femme n'a qu'une idée en tête : trouver un travail pour pouvoir mener une vie normale. Rosetta
5%
2009 Le père, la mère et leurs trois enfants vivent dans les faubourgs d'une ville. Leur maison est bordée d'une haute clôture. Les enfants n'ont jamais franchi la clôture. Leur éducation, leurs loisirs, leurs amusements, leur ennui, leur entraînement physique se conforment au modèle imposé par les parents, en l'absence de toute empreinte du monde extérieur. Canine
3%
2005 De 1960 à 1980, entouré de ses quatre frères, des Pink Floyd, des Rolling Stones et de David Bowie, entre les promenades en moto pour impressionner les filles, les pétards fumés en cachette, les petites et grandes disputes et, surtout, un père qu'il cherche désespérément à retrouver, Zac nous raconte son histoire...25 décembre 1960 : Zachary Beaulieu vient au monde entre une mère aimante et un père un peu bourru mais fier de ses garçons. C.R.A.Z.Y.
3%
1984 Ren et sa mère Ethel quittent Chicago pour Beaumont, une petite ville du Middle West. Passionné de rock et danseur effréné, Ren heurte les conceptions morales de la communauté et de son pasteur, maître à penser du lieu. Révoltés par cet univers sclérosant, les jeunes de la ville se rallient à Ren... Footlose
3%
2008 En 1912, le collectionneur allemand Wilhelm Uhde loue un appartement à Senlis pour écrire et se reposer de sa vie parisienne. Il prend à son service une femme de ménage. Quelque temps plus tard, il remarque chez des notables locaux une petite toile peinte sur bois. Sa stupéfaction est grande d'apprendre que l'auteur n'est autre que sa femme de ménage... Séraphine
3%
1995 Evocation tres controversée de l'histoire de l'ex-Yougoslavie de 1941 à nos jours à travers l'histoire de la vie de Blacky, arriviste manipulateur. Underground
3%
2015 Fuyant la guerre civile au Sri Lanka, un ancien soldat, une jeune femme et une petite fille se font passer pour une famille. Réfugiés en France dans une cité sensible, se connaissant à peine, ils tentent de se construire un foyer. Deephan
1%
1946 Ballin Mundson, directeur d’un casino, prend sous sa protection un jeune Américain, Johnny Farrell, après l’avoir sauvé d’une mort certaine. Ballin, devant s’absenter, confie la direction de son établissement à Johnny. Il revient quelque temps plus tard marié à l’ancienne maîtresse de Johnny. Gilda
1%
1961 Une jeune femme souhaite entrer au couvent, mais la mère supérieure exige avant tout qu'elle aille rendre visite à son vieil oncle et bienfaiteur Don Jaime. Celui-ci, troublé par la ressemblance de sa nièce et de sa femme décédée, tente d'abuser sexuellement de la jeune femme. Choquée, elle s'enfuit mais apprend que son oncle s'est suicidé. Se sentant coupable la jeune femme décide de revenir au domaine et de dédier sa vie à aider les gens pauvres Viridiana
0%
Aucun quiz correspondant
Distribution des résultats
% des personnes avec chaque résultat
Percentile par nombre de réponses
Votre historique - résultats
Vous n’avez pas pris ce quiz